[Event "Women's Speed Chess Q7"]
[Site "chess.com INT"]
[Date "2021.06.06"]
[Round "1"]
[White "Potapova, Margarita"]
[Black "Nanditha, V"]
[Result "1-0"]
[WhiteTitle "WIM"]
[BlackTitle "WCM"]
[WhiteElo "2260"]
[BlackElo "1666"]
[WhiteFideId "14126869"]
[BlackFideId "46626697"]
[EventDate "2021.06.06"]

1. d4 d5 2. c4 e6 3. Nf3 Nf6 4. g3 Be7 5. Bg2 O-O 6. O-O b6 7. cxd5 exd5 8. Nc3
c6 9. Bf4 Bg4 10. Ne5 Bh5 11. Rc1 Nbd7 12. Nxc6 Qe8 13. Nb5 Rc8 14. Nc7 Rxc7 15.
Bxc7 Ne4 16. f3 Ng5 17. Ne5 Ne6 18. e3 Nxc7 19. Rxc7 Nxe5 20. dxe5 Bc5 21. Qxd5
Bxe3+ 22. Kh1 a5 23. f4 Bc5 24. f5 Kh8 25. f6 g5 26. a3 Bg6 27. Re1 Bf2 28. Re2
Bc5 29. Qd2 Qb5 30. Bf3 a4 31. Qxg5 Qd3 32. Kg2 Qb1 33. Kh3 Bf5+ 34. Kh4 Bg6 35.
Qh6 Rg8 36. Rc8 Qxb2 37. Qg7# 1-0

[Event "Women's Speed Chess Q7"]
[Site "chess.com INT"]
[Date "2021.06.06"]
[Round "1"]
[White "Corrales Jimenez, Zenia"]
[Black "Kazarian, Anna-Maja"]
[Result "0-1"]
[WhiteTitle "WIM"]
[BlackTitle "FM"]
[WhiteElo "2189"]
[BlackElo "2096"]
[WhiteFideId "3506355"]
[BlackFideId "1033689"]
[EventDate "2021.06.06"]

1. e4 e6 2. d4 d5 3. Bd3 Nf6 4. e5 Nfd7 5. f4 c5 6. Nf3 Nc6 7. c3 Qb6 8. dxc5
Bxc5 9. b4 Be7 10. Qe2 O-O 11. Be3 Qc7 12. O-O f6 13. exf6 Bxf6 14. Qc2 h6 15.
Nbd2 e5 16. fxe5 Ndxe5 17. Nxe5 Nxe5 18. Rac1 Ng4 19. Bf4 Qb6+ 20. Kh1 Nf2+ 21.
Rxf2 Qxf2 22. Rf1 Qb6 23. Nf3 Bg4 24. Bg6 Bxf3 25. Rxf3 Qe6 26. h3 Rac8 27. Bf5
Qe1+ 28. Kh2 Rc4 29. Re3 Qh4 30. Be6+ Kh8 31. Bg3 Qg5 32. Rf3 Re8 33. Bf5 d4 34.
Bd3 Rxc3 35. Qd1 Be5 36. Bxe5 Qxe5+ 37. Rg3 Rf8 38. Qg4 Rxd3 0-1

[Event "Women's Speed Chess Q7"]
[Site "chess.com INT"]
[Date "2021.06.06"]
[Round "1"]
[White "Hajiyeva, Laman"]
[Black "Purtseladze, Maka"]
[Result "1-0"]
[WhiteTitle "WFM"]
[BlackTitle "IM"]
[WhiteElo "1982"]
[BlackElo "2274"]
[WhiteFideId "13415875"]
[BlackFideId "13602659"]
[EventDate "2021.06.06"]

1. d4 Nf6 2. c4 Nc6 3. Nc3 e5 4. d5 Ne7 5. e4 Ng6 6. g3 Bb4 7. Bg2 Bxc3+ 8. bxc3
d6 9. Ne2 Nd7 10. h3 Nc5 11. O-O O-O 12. f4 f6 13. f5 Nh8 14. Be3 Nf7 15. Bxc5
dxc5 16. Qd3 Nd6 17. g4 b6 18. h4 Ba6 19. Qg3 Bxc4 20. Rf2 Kh8 21. g5 Bxe2 22.
Rxe2 c4 23. Kh1 Qe7 24. Rg1 b5 25. Bf3 a5 26. Reg2 Rg8 27. gxf6 Qxf6 28. a3 Rab8
29. Qg5 b4 30. axb4 axb4 31. cxb4 Qxg5 32. Rxg5 Rxb4 33. f6 g6 34. h5 Nf7 35.
R5g2 g5 36. h6 Rb3 37. Bh5 Nxh6 38. f7 Nxf7 39. Bxf7 Rg7 40. Be6 h6 41. Rf2 h5
42. Rf8+ Kh7 43. Bf5+ Rg6 44. Rf7+ Kh6 45. Bxg6 Kxg6 46. Rf5 g4 47. Rgf1 h4 48.
Rf6+ Kg5 49. R1f5# 1-0

[Event "Women's Speed Chess Q7"]
[Site "chess.com INT"]
[Date "2021.06.06"]
[Round "1"]
[White "Luong, Phuong Hanh"]
[Black "Petrova, Irina"]
[Result "1-0"]
[WhiteTitle "WIM"]
[BlackTitle "WIM"]
[WhiteElo "2229"]
[BlackElo "2110"]
[WhiteFideId "12401013"]
[BlackFideId "14124122"]
[EventDate "2021.06.06"]

1. d4 d6 2. Nf3 g6 3. g3 Bg7 4. Bg2 Nc6 5. O-O Bg4 6. c3 Nf6 7. Nbd2 O-O 8. h3
Bd7 9. e4 Qc8 10. Kh2 e5 11. dxe5 Nxe5 12. Nxe5 dxe5 13. Nc4 Ne8 14. Re1 Be6 15.
Ne3 c6 16. Qc2 Nc7 17. Bd2 Qd7 18. Rad1 Qe7 19. b3 Rad8 20. Bc1 Nb5 21. Bb2 f5
22. a3 f4 23. Nc4 fxg3+ 24. fxg3 Qg5 25. a4 Nc7 26. Bc1 Qh5 27. Qe2 Qxe2 28.
Rxe2 Bxc4 29. Rxd8 Rxd8 30. bxc4 Ne6 31. Rb2 b6 32. a5 Rb8 33. axb6 axb6 34. Be3
b5 35. cxb5 Rxb5 36. Rxb5 cxb5 37. Bf1 Nc7 38. Bb6 Ne8 39. Bxb5 Nd6 40. Bd3 Kf7
41. c4 Ke6 42. c5 Nc8 43. Ba6 Kd7 44. Bb5+ Ke7 45. Bc7 Bf6 46. g4 Bg5 47. Kg3
Bf4+ 48. Kf3 Na7 49. Ba4 Nc8 50. Ke2 h5 51. Kd3 hxg4 52. hxg4 g5 53. Kc4 Na7 54.
Kd5 Kf6 55. Bd8+ Kf7 56. Bd7 Kg6 57. Bb6 1-0

[Event "Women's Speed Chess Q7"]
[Site "chess.com INT"]
[Date "2021.06.06"]
[Round "1"]
[White "Eswaran, Ashritha"]
[Black "Zakirova, Aisha"]
[Result "1/2-1/2"]
[WhiteTitle "WIM"]
[BlackTitle "WCM"]
[WhiteElo "2244"]
[BlackElo "1585"]
[WhiteFideId "2080788"]
[BlackFideId "13719734"]
[EventDate "2021.06.06"]

1. e4 c5 2. Nf3 d6 3. d4 cxd4 4. Nxd4 Nf6 5. Nc3 Nc6 6. Bg5 e6 7. Qd2 a6 8.
O-O-O Bd7 9. f4 h6 10. Bxf6 Qxf6 11. Nf3 Qd8 12. Kb1 Be7 13. g4 Rc8 14. h4 b5
15. Bd3 Qb6 16. Ne2 b4 17. g5 h5 18. f5 e5 19. Bc4 f6 20. gxf6 gxf6 21. Rhg1 Nd4
22. Nexd4 Rxc4 23. Ne2 Rxe4 24. Nc1 Qe3 25. Qd5 Qxf3 26. Rg8+ Rxg8 27. Qxg8+ Bf8
28. Rg1 Rg4 29. Rxg4 Qxg4 30. Qd5 Qxf5 31. Qa8+ Kf7 32. b3 Qe6 33. Qe4 d5 34.
Qh7+ Ke8 35. Qxh5+ Qf7 36. Qe2 d4 37. h5 Bg7 38. Nd3 Qe6 39. Nc5 Qf5 40. Qc4
Qxh5 41. Qg8+ Bf8 42. Nxd7 Kxd7 43. Qxf8 Qd1+ 44. Kb2 d3 45. Qf7+ Kc8 46. Qc4+
Kb8 47. Qg8+ Ka7 48. Qf7+ Ka8 49. Qe8+ Ka7 50. Qd7+ Ka8 51. cxd3 Qd2+ 52. Kb1
Qd1+ 53. Kb2 Qd2+ 54. Kb1 Qd1+ 55. Kb2 1/2-1/2

[Event "Women's Speed Chess Q7"]
[Site "chess.com INT"]
[Date "2021.06.06"]
[Round "1"]
[White "Avramidou, Anastasia"]
[Black "Obregon Garcia, Roxangel"]
[Result "1-0"]
[WhiteTitle "FM"]
[BlackTitle "WIM"]
[WhiteElo "2238"]
[BlackElo "2167"]
[WhiteFideId "4239873"]
[BlackFideId "3520420"]
[EventDate "2021.06.06"]

1. d4 d5 2. c4 c6 3. cxd5 cxd5 4. Nc3 Nf6 5. Bg5 Nc6 6. e3 e6 7. Nf3 Be7 8. Bd3
O-O 9. O-O h6 10. Bf4 a6 11. h3 b5 12. Rc1 Bb7 13. Qe2 Rc8 14. Rfd1 Qa5 15. e4
dxe4 16. Nxe4 Nb4 17. Nxf6+ Bxf6 18. Bb1 Rfd8 19. Rxc8 Rxc8 20. a3 Nd5 21. Be5
g6 22. Bxf6 Nxf6 23. Bxg6 fxg6 24. Qxe6+ Kh7 25. Qxf6 Qc7 26. Ne5 Qg7 27. Qxg7+
Kxg7 28. d5 Rd8 29. d6 Kf6 30. f4 g5 31. Ng4+ Kg6 32. fxg5 hxg5 33. Kf2 Be4 34.
g3 Bf5 35. Ke3 Kf7 36. Rd5 Ke6 37. Re5+ Kxd6 38. Rxf5 Re8+ 39. Kf3 Rg8 40. h4
Kc6 41. hxg5 1-0

[Event "Women's Speed Chess Q7"]
[Site "chess.com INT"]
[Date "2021.06.06"]
[Round "1"]
[White "Belenkaya, Dina"]
[Black "Pourkashiyan, Atousa"]
[Result "1-0"]
[WhiteTitle "WGM"]
[BlackTitle "WGM"]
[WhiteElo "2341"]
[BlackElo "2322"]
[WhiteFideId "24142654"]
[BlackFideId "12502014"]
[EventDate "2021.06.06"]

1. e4 c5 2. Nc3 e6 3. g3 a6 4. Bg2 Nc6 5. Nge2 d6 6. d3 Nf6 7. O-O Be7 8. f4 O-O
9. h3 d5 10. e5 Nd7 11. g4 b5 12. Ng3 Bb7 13. Nce2 Rc8 14. c3 d4 15. Ne4 dxc3
16. bxc3 Nb6 17. Be3 Nd5 18. Bxc5 Bxc5+ 19. Nxc5 Ne3 20. Nxb7 Qb6 21. Qc1 Nxf1+
22. Kxf1 Qxb7 23. Nd4 Nxd4 24. Bxb7 Rc7 25. Qd2 Rxb7 26. cxd4 Rd7 27. Qc3 Rfd8
28. Rc1 h6 29. Qa5 Rxd4 30. Qxa6 Rxf4+ 31. Ke2 Rfd4 32. Qxb5 R4d5 33. Qb4 Rxe5+
34. Kd2 Red5 35. Rc3 Ra8 36. a4 Rda5 37. Ra3 h5 38. gxh5 Rxh5 39. a5 Rxh3 40. a6
Rh2+ 41. Kc3 Rh1 42. a7 Rc1+ 43. Kb2 Rcc8 44. Qb7 Kh7 45. Ra6 g6 46. Qxf7+ Kh6
47. Qxe6 Rg8 48. Qh3+ Kg5 49. Qg2+ Kf4 50. Qe4+ Kg3 51. Rxg6+ Rxg6 52. Qxg6+ Kf2
53. Qf5+ Ke1 54. Qe4+ Kd2 55. Qxa8 Kxd3 56. Qd8+ Kc4 57. Qc8+ Kb5 58. Qb8+ Kc6
59. a8=Q+ Kc5 60. Qa5+ Kc4 61. Qbb4+ Kd3 62. Qaa3+ Ke2 63. Qc4+ Kd1 64. Qad3+
Ke1 65. Qce4+ Kf2 66. Qdf3+ Kg1 67. Qeg4+ Kh2 68. Qfh3# 1-0

[Event "Women's Speed Chess Q7"]
[Site "chess.com INT"]
[Date "2021.06.06"]
[Round "1"]
[White "Gunina, Valentina"]
[Black "Ortiz Verdezoto, Anahi"]
[Result "1-0"]
[WhiteTitle "GM"]
[BlackTitle "WIM"]
[WhiteElo "2436"]
[BlackElo "2013"]
[WhiteFideId "4167570"]
[BlackFideId "3614581"]
[EventDate "2021.06.06"]

1. d4 Nf6 2. c4 e6 3. Nf3 b6 4. g3 Bb7 5. Bg2 Be7 6. O-O O-O 7. Nc3 d6 8. Qc2
Nbd7 9. e4 a6 10. e5 Ne8 11. Bf4 c5 12. dxc5 dxe5 13. Nxe5 Bxg2 14. Nxd7 Qxd7
15. Kxg2 Bxc5 16. Rad1 Qb7+ 17. Qe4 Qa7 18. Be5 Rc8 19. b3 Qe7 20. Na4 f6 21.
Bc3 e5 22. Nxc5 Qxc5 23. Rd5 Qc6 24. Rfd1 Rf7 25. Qf3 Qc7 26. Qf5 b5 27. Bb4
bxc4 28. bxc4 Qxc4 29. Qe6 Qxb4 30. Qxc8 Qf8 31. Rd8 Re7 32. Qxa6 Kf7 33. Qc4+
Kg6 34. R1d7 Rxd7 35. Rxd7 f5 36. Qe6+ Nf6 37. Re7 Qa8+ 38. Kg1 Qa5 39. Qf7+ Kg5
40. Qxg7+ Kh5 41. Qf7+ Kg5 42. Qb3 Qe1+ 43. Kg2 Qe4+ 44. Qf3 Qb1 45. Qe3+ f4 46.
Rxe5+ Kg6 47. Qxf4 Qb7+ 48. Qf3 Qa6 49. Qf5+ Kf7 50. Re3 Qc6+ 51. Rf3 Qd6 52.
Qxf6+ Qxf6 53. Rxf6+ 1-0

[Event "Women's Speed Chess Q7"]
[Site "chess.com INT"]
[Date "2021.06.06"]
[Round "1"]
[White "Arabidze, Meri"]
[Black "Hng, Mei-En Emmanuelle"]
[Result "1/2-1/2"]
[WhiteTitle "IM"]
[BlackTitle "WFM"]
[WhiteElo "2432"]
[BlackElo "2013"]
[WhiteFideId "13604040"]
[BlackFideId "5804566"]
[EventDate "2021.06.06"]

1. Nf3 c5 2. g3 Nc6 3. Bg2 d5 4. O-O Nf6 5. d3 e5 6. Nbd2 Be7 7. e4 O-O 8. exd5
Nxd5 9. Nc4 Qc7 10. c3 Nf6 11. Re1 Bd6 12. Nxd6 Qxd6 13. Qe2 Re8 14. Nd2 Bf5 15.
Ne4 Nxe4 16. dxe4 Be6 17. Be3 Rad8 18. Red1 Qe7 19. b3 a6 20. h3 b5 21. Kh2 Rxd1
22. Rxd1 Rd8 23. Rxd8+ Nxd8 24. Qd3 Nc6 25. f4 c4 26. bxc4 Bxc4 27. Qd2 h6 28.
Bf2 a5 29. a3 Qxa3 30. Qd7 Ne7 31. Qe8+ Kh7 32. fxe5 Be6 33. Qd8 Nc6 34. Qc7
Qxc3 35. h4 b4 36. Bh3 Bxh3 37. Kxh3 Nxe5 38. Qe7 Ng6 39. Qxf7 Qd3 40. h5 Ne5
41. Qf5+ Kg8 42. Qxe5 b3 43. Qe6+ Kh7 44. Qf5+ Kg8 45. Qc8+ Kh7 46. Qf5+ Kg8 47.
Kg4 b2 48. Qc8+ Kh7 49. Qf5+ Kg8 50. Qe6+ Kh7 51. Qg6+ Kg8 52. Qe6+ Kh7 53. Qg6+
Kg8 54. Qe6+ 1/2-1/2

[Event "Women's Speed Chess Q7"]
[Site "chess.com INT"]
[Date "2021.06.06"]
[Round "1"]
[White "Berend, Elvira"]
[Black "Padmini, Rout"]
[Result "0-1"]
[WhiteTitle "WGM"]
[BlackTitle "IM"]
[WhiteElo "2326"]
[BlackElo "2370"]
[WhiteFideId "4000510"]
[BlackFideId "5029295"]
[EventDate "2021.06.06"]

1. e4 c5 2. Nf3 e6 3. d3 d5 4. Nbd2 Nf6 5. g3 g6 6. Bg2 Bg7 7. O-O O-O 8. Qe2
Nc6 9. e5 Nd7 10. Nb3 Ndxe5 11. Nxe5 Nxe5 12. Nxc5 Nc6 13. Nb3 b6 14. c4 Ba6 15.
Be3 Rc8 16. cxd5 exd5 17. a3 Qd7 18. Rac1 Ne5 19. Rfd1 Rxc1 20. Bxc1 Re8 21. Qc2
Rc8 22. Qe2 Qb5 23. Nd4 Qa4 24. Nf3 Bxd3 25. Qd2 Rc2 26. Qe1 Re2 27. Qf1 Rd2 28.
Nxd2 Bxf1 29. Rxf1 Qc2 30. Nf3 Nd3 31. Be3 Nxb2 32. Rd1 Nc4 33. Rc1 Nxe3 34.
Rxc2 Nxc2 35. Nd2 d4 36. Nb3 Nxa3 37. Be4 Nb5 38. Bd3 Nc3 39. f4 a5 40. Kf2 a4
41. Nc1 a3 42. Ke1 a2 43. Nb3 Bf8 44. Kd2 Bc5 45. Kc2 Kg7 46. Na1 h5 47. Bc4 h4
48. Kb2 h3 49. Bxa2 Ne4 50. Kc2 Nxg3 51. Kd3 Nf1 52. Bd5 Nxh2 53. Nc2 Ng4 54.
Bf3 Nf2+ 55. Ke2 d3+ 56. Kd2 dxc2 57. Kxc2 h2 0-1

[Event "Women's Speed Chess Q7"]
[Site "chess.com INT"]
[Date "2021.06.06"]
[Round "1"]
[White "Vantika, Agrawal"]
[Black "Doluhanova, Evgeniya"]
[Result "1-0"]
[WhiteTitle "WIM"]
[BlackTitle "WGM"]
[WhiteElo "2286"]
[BlackElo "2192"]
[WhiteFideId "25050389"]
[BlackFideId "14112035"]
[EventDate "2021.06.06"]

1. d4 Nf6 2. c4 e6 3. g3 d5 4. Bg2 Bb4+ 5. Nd2 O-O 6. Nf3 c5 7. O-O cxd4 8. Nxd4
Nc6 9. Nxc6 bxc6 10. Qc2 Bd7 11. Nf3 Rc8 12. b3 Qe7 13. Bb2 Rfd8 14. Rfd1 Be8
15. a3 Bd6 16. Ne5 h6 17. e3 Nd7 18. Nf3 e5 19. b4 Nf6 20. Nd2 Bd7 21. Nb3 Be6
22. Na5 Bb8 23. Rac1 e4 24. Bd4 Qd7 25. Bxf6 gxf6 26. cxd5 cxd5 27. Qd2 Rxc1 28.
Rxc1 Rc8 29. Rd1 Qb5 30. Bf1 Qa4 31. Rc1 Rxc1 32. Qxc1 Be5 33. Nc6 Kg7 34. Nxe5
fxe5 35. Qc3 f6 36. Qc7+ Qd7 37. Qc5 a6 38. Bxa6 Kg6 39. Bb5 Qb7 40. Bc6 Qf7 41.
b5 Bh3 42. Qxd5 Qc7 43. Qxe4+ Kf7 44. Qd5+ Kg7 45. a4 Qa5 46. Qd1 Qb4 47. Bg2 h5
48. Bxh3 Qa5 49. Bf1 1-0

[Event "Women's Speed Chess Q7"]
[Site "chess.com INT"]
[Date "2021.06.06"]
[Round "1"]
[White "Cyfka, Karina"]
[Black "Nguyen, Hong Ngoc"]
[Result "1-0"]
[WhiteTitle "IM"]
[BlackTitle "WCM"]
[WhiteElo "2417"]
[BlackElo "1957"]
[WhiteFideId "1122681"]
[BlackFideId "12403083"]
[EventDate "2021.06.06"]

1. d4 d5 2. c4 c6 3. Nf3 Nf6 4. e3 a6 5. Nc3 b5 6. b3 Bg4 7. Bb2 Nbd7 8. h3 Bxf3
9. Qxf3 e6 10. Bd3 Bb4 11. O-O O-O 12. a3 Bxc3 13. Bxc3 Re8 14. e4 dxe4 15. Bxe4
Nxe4 16. Qxe4 c5 17. Rad1 cxd4 18. Qxd4 Nf6 19. Qh4 Qe7 20. c5 Rac8 21. b4 Nd5
22. Qxe7 Nxe7 23. Rd6 Nd5 24. Bb2 Ra8 25. f4 Red8 26. Rxd8+ Rxd8 27. Rd1 Kf8 28.
Kf2 g6 29. Kf3 Ke7 30. Be5 f6 31. Bd6+ Kf7 32. g4 Nc3 33. Rd3 Nd5 34. h4 Ra8 35.
Rb3 Rc8 36. Ke4 Rc6 37. f5 gxf5+ 38. gxf5 Rc8 39. Rg3 Nc7 40. fxe6+ Kxe6 41. Rg7
f5+ 42. Kd4 Nd5 43. Rxh7 Rg8 44. Ra7 Rg4+ 45. Kd3 Rxh4 46. Rxa6 Rh3+ 47. Ke2 Kf7
48. c6 Rc3 49. c7 Ke8 50. Ra8+ Kd7 51. Rd8+ Ke6 52. c8=Q+ Rxc8 53. Rxc8 Kxd6 54.
Rc5 f4 55. Kf3 Ke5 56. Rxb5 Kd4 57. Rxd5+ Kxd5 58. Kxf4 Kc4 59. Ke4 Kb5 60. Kd4
Ka4 61. Kc4 Kxa3 62. b5 Kb2 63. b6 Kc2 64. b7 Kd2 65. b8=Q Ke3 66. Qd6 Ke4 67.
Qd5+ Kf4 68. Qe6 Kg3 69. Qf5 Kh2 70. Qg4 Kh1 71. Kd3 Kh2 72. Ke3 1-0

[Event "Women's Speed Chess Q7"]
[Site "chess.com INT"]
[Date "2021.06.06"]
[Round "1"]
[White "Nikolova, Adriana"]
[Black "Mendoza, Shania Mae"]
[Result "1-0"]
[WhiteTitle "WGM"]
[BlackTitle "WFM"]
[WhiteElo "2243"]
[BlackElo "2158"]
[WhiteFideId "2908689"]
[BlackFideId "5211158"]
[EventDate "2021.06.06"]

1. e4 e5 2. Nf3 Nc6 3. Bb5 Nf6 4. O-O a6 5. Ba4 b5 6. Bb3 Be7 7. Re1 O-O 8. h3
d6 9. c3 Nb8 10. d4 Nbd7 11. Nbd2 Bb7 12. a4 c5 13. Bc2 Re8 14. b3 Bf8 15. d5
Qc7 16. c4 b4 17. Nf1 g6 18. g4 Bg7 19. Ng3 h6 20. Be3 Rf8 21. Qd2 Kh7 22. g5
Ng8 23. gxh6 Bxh6 24. Bxh6 Nxh6 25. Ng5+ Kg7 26. f4 Qd8 27. Rf1 Qe7 28. f5 Nf6
29. Rf2 Bc8 30. Raf1 Bd7 31. Kg2 a5 32. Rf3 Rab8 33. Qe3 Nfg8 34. Qf2 f6 35.
Ne6+ Bxe6 36. fxe6 g5 37. Nh5+ Kg6 38. Ng3 Qg7 39. Nf5 Nxf5 40. exf5+ Kh7 41.
Kh1 Qh6 42. Qg3 Kg7 43. R1f2 Ne7 44. Rh2 Rh8 45. h4 Rbg8 46. hxg5 Qxh2+ 47. Qxh2
Rxh2+ 48. Kxh2 Rh8+ 49. Kg2 Rh5 50. gxf6+ Kxf6 51. Rg3 Nxf5 52. Rf3 Rg5+ 53. Kf2
e4 54. Bxe4 Ke5 55. Rxf5+ Rxf5+ 56. Bxf5 Kxf5 57. e7 Kf6 58. e8=Q Kf5 59. Qe6+
Kg5 60. Qxd6 Kf5 61. Qe6+ Kf4 62. d6 1-0

[Event "Women's Speed Chess Q7"]
[Site "chess.com INT"]
[Date "2021.06.06"]
[Round "1"]
[White "Garifullina, Leya"]
[Black "Zawadzka, Jolanta"]
[Result "1-0"]
[WhiteTitle "WGM"]
[BlackTitle "WGM"]
[WhiteElo "2399"]
[BlackElo "2403"]
[WhiteFideId "34127035"]
[BlackFideId "1122320"]
[EventDate "2021.06.06"]

1. g3 d5 2. Bg2 c6 3. Nf3 Nf6 4. O-O e6 5. d3 Be7 6. Nbd2 O-O 7. e4 Nbd7 8. e5
b6 9. exf6 Bxf6 10. Re1 e5 11. c3 Re8 12. h3 Ba6 13. Nf1 Qc7 14. Ne3 Nc5 15. d4
Nd3 16. Rf1 e4 17. Nh2 Nxc1 18. Rxc1 Bxf1 19. Nhxf1 Bg5 20. h4 Bh6 21. Qg4 Kh8
22. Nf5 Re6 23. Nxh6 Rxh6 24. Ne3 Rf8 25. h5 f5 26. Nxf5 Rhf6 27. Ne3 Rxf2 28.
Rf1 Rxf1+ 29. Nxf1 Qf7 30. Kh2 Qf6 31. Ne3 Qf7 32. Qe2 h6 33. Kg1 c5 34. Bh3
cxd4 35. cxd4 Qf6 36. Bf5 Qxd4 37. g4 Qe5 38. Kg2 d4 39. Nc4 Qd5 40. Bxe4 Qc5
41. Qd3 b5 42. Nd2 a6 43. Nf3 Qc1 44. Nh4 Qxb2+ 45. Kh3 Rd8 46. Ng6+ Kg8 47.
Qb3+ Qxb3+ 48. axb3 d3 49. Bf3 d2 50. Bd1 Rc8 51. Ne7+ Kf7 52. Nxc8 a5 53. Kg3
Ke6 54. Kf2 Ke5 55. Ke2 Kf4 56. Kxd2 a4 57. bxa4 bxa4 58. Kc3 a3 59. Kb3 Kg5 60.
Kxa3 g6 61. Nd6 Kf6 62. Kb4 Ke5 63. Kc5 Kf6 64. hxg6 Kxg6 65. Ne4 Kh7 66. Kd4
Kg6 67. Ke5 Kg7 68. Kf5 Kf7 69. Ng3 Kg7 70. Nh5+ Kh7 71. Bc2 Kh8 72. Kg6 Kg8 73.
Kxh6 Kh8 74. g5 Kg8 75. g6 Kh8 76. g7+ Kg8 77. Bb3# 1-0

[Event "Women's Speed Chess Q7"]
[Site "chess.com INT"]
[Date "2021.06.06"]
[Round "1"]
[White "Ambartsumova, Karina"]
[Black "Sviridova, Vlada"]
[Result "1/2-1/2"]
[WhiteTitle "IM"]
[BlackTitle "WFM"]
[WhiteElo "2382"]
[BlackElo "2144"]
[WhiteFideId "4166299"]
[BlackFideId "24109606"]
[EventDate "2021.06.06"]

1. c4 c6 2. Nf3 d5 3. e3 Nf6 4. b3 e6 5. Bb2 Bd6 6. Qc2 O-O 7. d4 Nbd7 8. Nbd2
Re8 9. Bd3 b6 10. O-O Bb7 11. Rfe1 c5 12. e4 dxe4 13. Nxe4 Nxe4 14. Bxe4 Bxe4
15. Qxe4 Nf6 16. Qh4 cxd4 17. Nxd4 Bc5 18. Rad1 Bxd4 19. Rxd4 Qe7 20. Qg3 Rad8
21. Rxd8 Rxd8 22. h3 Rd2 23. Qc3 Qd6 24. g3 h5 25. Ba3 Qd3 26. Qxd3 Rxd3 27. Re2
Rd1+ 28. Kg2 a5 29. Be7 Nd7 30. Ba3 Kh7 31. h4 Kg6 32. Bb2 Nc5 33. Bc3 Nd3 34.
Rd2 Rxd2 35. Bxd2 Nc5 36. Kf3 Kf5 37. Ke2 Ne4 38. Be1 Nc5 39. f3 e5 40. Ke3 g6
41. Bc3 f6 42. Bb2 Ke6 43. g4 f5 44. gxh5 gxh5 45. Bc3 f4+ 46. Ke2 Kf5 47. Be1
e4 48. fxe4+ Kxe4 49. Bf2 f3+ 50. Kd2 Nd7 51. a3 Kf4 52. b4 axb4 53. axb4 Kg4
54. c5 bxc5 55. bxc5 Ne5 56. Ke3 Nc6 57. Ke4 Na5 58. Kd5 Kh3 59. c6 Nxc6 60.
Kxc6 Kg2 61. Bc5 f2 62. Bxf2 Kxf2 63. Kd5 Kg3 64. Ke4 Kxh4 65. Kf3 Kh3 66. Kf2
Kh2 67. Kf1 h4 68. Kf2 h3 69. Kf1 Kg3 70. Kg1 h2+ 71. Kh1 Kh3 1/2-1/2

[Event "Women's Speed Chess Q7"]
[Site "chess.com INT"]
[Date "2021.06.06"]
[Round "1"]
[White "Grineva, Marianna"]
[Black "Fominykh, Maria"]
[Result "1-0"]
[WhiteTitle "WFM"]
[BlackTitle "WGM"]
[WhiteElo "2029"]
[BlackElo "2206"]
[WhiteFideId "14102013"]
[BlackFideId "4142411"]
[EventDate "2021.06.06"]

1. e4 e6 2. d4 d5 3. Nd2 c5 4. Ngf3 Nc6 5. exd5 Qxd5 6. Bc4 Qd8 7. O-O cxd4 8.
Nb3 Nf6 9. Nbxd4 Nxd4 10. Nxd4 a6 11. c3 Qc7 12. Bb3 Bd6 13. h3 O-O 14. Re1 h6
15. Qf3 Bd7 16. Bxh6 Nh7 17. Be3 b5 18. Rad1 Bc5 19. Bf4 Qa7 20. Qg3 Kh8 21. Be5
f6 22. Bd6 Bxd6 23. Qxd6 e5 24. Nc6 Bxc6 25. Qxc6 Rac8 26. Qf3 Rfd8 27. h4 Nf8
28. Qh5+ Nh7 29. Bf7 g5 30. hxg5 Rxd1 31. Rxd1 fxg5 32. Rd6 Rf8 33. Bg6 Qxf2+
34. Kh1 Qf1+ 35. Kh2 Qf4+ 36. Kh3 Qe3+ 37. Kh2 Qf4+ 38. Kh3 Qe3+ 39. g3 g4+ 40.
Kh4 Qg5+ 41. Qxg5 Nxg5 42. Kxg5 Rf3 43. Kxg4 Rf2 44. Re6 Kg7 45. Be4 Rxb2 46.
Rxa6 Re2 47. Kf5 Re3 48. g4 Rxc3 49. Kxe5 Re3 50. Kf4 Re1 51. g5 Rf1+ 52. Ke5
Re1 53. Ra7+ Kf8 54. Kf6 Rxe4 55. Ra8+ Re8 56. Rxe8+ Kxe8 57. Kg7 Ke7 58. Kh7
Kf8 59. g6 b4 60. g7+ Ke7 61. g8=Q b3 62. Qxb3 Kd6 63. a4 1-0

[Event "Women's Speed Chess Q7"]
[Site "chess.com INT"]
[Date "2021.06.06"]
[Round "1"]
[White "Gaponenko, Inna"]
[Black "Ziegenfuss, Antonia"]
[Result "1-0"]
[WhiteTitle "IM"]
[BlackTitle "WFM"]
[WhiteElo "2357"]
[BlackElo "2157"]
[WhiteFideId "14101181"]
[BlackFideId "12962554"]
[EventDate "2021.06.06"]

1. e4 c5 2. c3 e6 3. d4 Nf6 4. e5 Nd5 5. Nf3 cxd4 6. cxd4 b6 7. Bc4 Bb4+ 8. Bd2
Bxd2+ 9. Qxd2 Ba6 10. Bxd5 exd5 11. Nc3 O-O 12. Nxd5 d6 13. Nb4 dxe5 14. Nxa6
Nxa6 15. dxe5 Qe7 16. O-O Rfd8 17. Qe2 Rac8 18. Rfd1 Nb4 19. a3 Nd5 20. Rac1
Rxc1 21. Rxc1 Nf4 22. Qe4 Nd3 23. Rb1 Qc5 24. Qe2 Nf4 25. Qe4 Nd3 26. Qe3 Qxe3
27. fxe3 Re8 28. Rd1 Nc5 29. b4 Ne6 30. Rd7 a5 31. bxa5 bxa5 32. Ra7 g5 33. h3
h5 34. Rxa5 g4 35. hxg4 hxg4 36. Nd4 Ng5 37. e6 Nxe6 38. Nxe6 Rxe6 39. Kf2 Rf6+
40. Kg3 Re6 41. Kf4 Rf6+ 42. Kxg4 Rf2 43. g3 Kg7 44. Ra8 Kg6 45. a4 Ra2 46. a5
Ra4+ 47. Kf3 Kf5 48. a6 Kg6 49. a7 Kg7 50. Ke2 Kh7 51. Kd3 Kg7 52. Kc3 Kh7 53.
Kb3 Ra1 54. Kc4 Kg7 55. Kd5 Rd1+ 56. Ke5 Ra1 57. Kf5 Rf1+ 58. Ke5 Ra1 59. e4
Ra5+ 60. Kf4 Ra4 61. Kf5 Ra5+ 62. e5 Ra6 63. g4 Kh7 64. g5 Kg7 65. g6 fxg6+ 66.
Kg5 Ra5 67. Kf4 Ra4+ 68. Ke3 g5 69. e6 Kf6 70. Rf8+ Kxe6 71. a8=Q Rxa8 72. Rxa8
Kf5 73. Kf3 g4+ 74. Kg3 Kg5 75. Ra4 1-0

[Event "Women's Speed Chess Q7"]
[Site "chess.com INT"]
[Date "2021.06.06"]
[Round "1"]
[White "Bodnaruk, Anastasia"]
[Black "Dauletova, Gulmira"]
[Result "1-0"]
[WhiteTitle "IM"]
[BlackTitle "WGM"]
[WhiteElo "2446"]
[BlackElo "2257"]
[WhiteFideId "4181751"]
[BlackFideId "13702971"]
[EventDate "2021.06.06"]

1. e4 e5 2. Nf3 Nc6 3. Bb5 a6 4. Ba4 Nf6 5. O-O Be7 6. Re1 b5 7. Bb3 d6 8. a4
Rb8 9. axb5 axb5 10. c3 O-O 11. d4 exd4 12. Nxd4 Nxd4 13. cxd4 Be6 14. Nc3 Bxb3
15. Qxb3 b4 16. Nd5 Nxd5 17. Qxd5 Bf6 18. f4 Re8 19. Bd2 c6 20. Qxc6 Bxd4+ 21.
Kh1 Bxb2 22. Rab1 Qf6 23. e5 dxe5 24. Qxf6 gxf6 25. Rxb2 e4 26. Rxb4 Rxb4 27.
Bxb4 f5 28. Kg1 Rb8 29. Bd6 Rb2 30. Bc5 f6 31. Bd4 Rd2 32. Bxf6 Kf7 33. Bh4 Ke6
34. Bf2 Kd5 35. Ra1 Kc4 36. g3 Rd3 37. Kg2 e3 38. Be1 Kd4 39. Kf3 Rb3 40. Ra7
Kd3 41. Rd7+ Kc4 42. h4 Rb1 43. Ke2 Rb3 44. Rxh7 Kd4 45. Rd7+ Ke4 46. Re7+ Kd4
47. h5 Rb2+ 48. Kf3 Rb1 49. Rxe3 Rb7 50. Bf2 Kd5 51. Re5+ Kd6 52. Rxf5 Rh7 53.
Rg5 Ke6 54. Bd4 Rh6 55. Rg6+ Rxg6 56. hxg6 Kf5 57. g7 Ke6 58. g8=Q+ Kd6 59. Qf7
Kc6 60. Ke4 Kb5 61. Qd5+ Kb4 62. Qc5+ Kb3 63. Qc3+ Ka4 64. Qb2 Ka5 65. Qb3 Ka6
66. Qb6# 1-0